|
|
|
|
| LEADER |
00000nab a2200000 ar4500 |
| 001 |
vtls010473689 |
| 003 |
SK-MaSNL |
| 005 |
20260303093836.0 |
| 008 |
121126|2010 xo |r||||||||||00 b|cze |
| 015 |
|
|
|a SNBRB2012/11
|2 snkbucl
|
| 038 |
|
|
|a SNKBUCL
|
| 040 |
|
|
|a SNKBUCL
|b slo
|e AACR2
|c SNKBUCL
|
| 041 |
0 |
|
|a cze
|
| 044 |
|
|
|a xo
|c SK
|
| 080 |
|
|
|a 821.162.4-051
|2 2001
|
| 080 |
|
|
|a 61-051
|2 2001
|
| 080 |
|
|
|a 78
|2 2001
|
| 080 |
|
|
|a 929 Strauss, Pavol
|2 2001
|
| 100 |
1 |
|
|a Trösterová, Zdeňka
|4 aut
|9 1105479
|
| 245 |
1 |
0 |
|a Hudba a Pavol Strauss, hudba a moji slovenští přátelé, hudba jako dar-
|c Zdeňka Trösterová
|
| 300 |
|
|
|b Fotogr.
|
| 600 |
1 |
7 |
|a Strauss, Pavol,
|d 1912-1994
|2 snknba
|9 93225
|
| 650 |
0 |
7 |
|a hudba
|2 snknba
|9 1063
|
| 655 |
|
7 |
|a úvahy
|2 snknba
|9 29403
|
| 773 |
0 |
|
|t Listy PS
|g Č. 12 (2010), s. 20
|
| 852 |
|
|
|a SNK
|b KIS3GCP
|
| 856 |
4 |
1 |
|u http://www.pavolstrauss.sk/sites/default/files/letter-pdfs/listyPS-12.pdf
|
| 958 |
|
|
|a LX
|
| 958 |
|
|
|a BX
|
| 999 |
|
|
|c 1817451
|d 1819381
|